Human Reproductive Biology. (Record no. 40867)

MARC details
000 -LEADER
fixed length control field 00437nam a2200193Ia 4500
020 ## - INTERNATIONAL STANDARD BOOK NUMBER
ISBN 9780123821843
050 ## - CALL MARK
Classification number QP 251 .J66/
100 ## - STATEMENT OF RESPONSIBILITY--MAIN AUTHOR NAME
Personal name Jones, Richard E.
245 #0 - TITLE STATEMENT
Title Human Reproductive Biology.
250 ## - EDITION / VOLUME STATEMENT
Edition / Volume statement 4th ed.
260 ## - PUBLICATION, DISTRIBUTION, ETC. (IMPRINT)
Place of publication London
260 ## - PUBLICATION, DISTRIBUTION, ETC. (IMPRINT)
Name of publisher Academic press
260 ## - PUBLICATION, DISTRIBUTION, ETC. (IMPRINT)
Year of publication 2014
300 ## - PHYSICAL DESCRIPTION
Number of Pages 381 p
650 ## - SUBJECT ADDED ENTRY--TOPICAL TERM
Topical Term London
942 ## - ADDED ENTRY ELEMENTS (KOHA)
Koha item type Books
Holdings
Withdrawn status Lost status Damaged status Not for loan Permanent Location Current Location Shelving location Date acquired Accession Number Price effective from Koha item type
        NILE UNIVERSITY OF NIGERIA - MAIN LIBRARY NILE UNIVERSITY OF NIGERIA - MAIN LIBRARY Items on shelf 06/03/2025 0185491 06/03/2025 Books